Cơ sở lý luận văn học Tập 1 Phần nguyên lý chung

Đã lưu trong:
書目詳細資料
格式: 圖書
語言:Vietnamese
出版: H. Giáo dục 1978
主題:
標簽: 添加標簽
沒有標簽, 成為第一個標記此記錄!
Thư viện lưu trữ: Mạng thư viện Đại học Đà Nẵng
LEADER 00980nam a2200301 4500
001 000010190
003 6390
005 20111121091119.0
008 111121s1978 viesd
020 |c 65đ 
041 0 |a vie 
082 |a 895.92209  |b Cơs 
245 0 0 |a Cơ sở lý luận văn học  |n Tập 1  |p Phần nguyên lý chung 
260 |a H.  |b Giáo dục  |c 1978 
300 |a 188 tr.  |c 21 cm 
653 |a Lý luận văn học 
773 |t Cơ sở lý luận văn học  |w 474 
910 |a duyên 
OWN |a LSP 
AVA |a UDN50  |b LSP  |d 895.92209 Cơs  |e unavailable  |t Error 5002 Not defined in file expand_doc_bib_avail.  |f 1  |g 1  |h N  |i 0  |k 1 
999 |a From the UDN01 
AVA |a UDN50  |b LSP  |d 895.92209 Cơs  |e unavailable  |t Error 5002 Not defined in file expand_doc_bib_avail.  |f 1  |g 1  |h N  |i 0  |k 1 
TYP |a Monograph 
TYP |a Printed language 
980 |a Mạng thư viện Đại học Đà Nẵng